00390nam a2200181Ia 4500008004000000041000800040082001300048100001100061245004100072260003000113650001200143650001100155650000800166650001100174650000800185650000900193650000600202210210b1948 xxu||||| |||| 00| 0 eng d aeng a825/1002 aWILSON aEssays and studies new series 1 1948 aLondonbJohn Murrayc1948 astudies aseries anew aEssays aand a1948 a1